Quantity surveying (Record no. 79924)
[ view plain ]
| 000 -LEADER | |
|---|---|
| fixed length control field | 00674nam a2200169 a 4500 |
| 008 - FIXED-LENGTH DATA ELEMENTS--GENERAL INFORMATION | |
| fixed length control field | 120416s1983 ||||||||||||||||| || u |
| 050 ## - LIBRARY OF CONGRESS CALL NUMBER | |
| Classification number | TH 435 Tur |
| 100 ## - MAIN ENTRY--PERSONAL NAME | |
| Personal name | Turner, Dennis F |
| 245 10 - TITLE STATEMENT | |
| Title | Quantity surveying |
| 246 ## - | |
| -- | practice and administration |
| 250 ## - EDITION STATEMENT | |
| Edition statement | 3rd ed. |
| 260 ## - PUBLICATION, DISTRIBUTION, ETC. | |
| Place of publication, distribution, etc. | London |
| Name of publisher, distributor, etc. | George Godwin |
| Date of publication, distribution, etc. | 1983 |
| 300 ## - PHYSICAL DESCRIPTION | |
| Extent | xii, 292p. : ill. |
| 350 ## - | |
| -- | 0.00 |
| 995 ## - | |
| -- | BINDERY (DAMAGED) |
| -- | 0.00 |
| -- | 707316 |
| -- | CBU-MAIN LIBRARY (Kitwe) |
| -- | 1 |
| -- | 8.50 |
| -- | TH 435 Tur |
| -- | 1 |
| -- | DAMAGED |
| -- | 015276 |
| -- | Main Library Open Access Collection |
| 995 ## - | |
| -- | BINDERY (DAMAGED) |
| -- | 0.00 |
| -- | 707317 |
| -- | CBU-MAIN LIBRARY (Kitwe) |
| -- | 2 |
| -- | 8.50 |
| -- | TH 435 Tur |
| -- | 2 |
| -- | DAMAGED |
| -- | 015277 |
| -- | Main Library Open Access Collection |
| 999 ## - | |
| -- | 79924 |
| -- | 79924 |
| Withdrawn status | Lost status | Source of classification or shelving scheme | Damaged status | Not for loan | Permanent Location | Current Location | Shelving location | Date acquired | Total Checkouts | Full call number | Barcode | Date last seen | Copy number | Price effective from | Koha item type |
|---|---|---|---|---|---|---|---|---|---|---|---|---|---|---|---|
| CBU-MAIN LIBRARY, KITWE. | CBU-MAIN LIBRARY, KITWE. | 06/29/2023 | TH 435 Tur | 015276 | 06/29/2023 | 1 | 06/29/2023 | MONOGRAPH | |||||||
| CBU-MAIN LIBRARY, KITWE. | CBU-MAIN LIBRARY, KITWE. | 06/29/2023 | TH 435 Tur | 015277 | 06/29/2023 | 2 | 06/29/2023 | MONOGRAPH |